[Event "Rome FIDE op 9th"]
[Site "Rome"]
[Date "2009.05.17"]
[Round "5"]
[White "Malloni, Marcello"]
[Black "Mammoliti, Francesco"]
[Result "1-0"]
[WhiteElo "2278"]
[BlackElo "1745"]
[PlyCount "37"]
[EventDate "2009.05.15"]
[EventType "swiss"]
[EventRounds "5"]
[EventCountry "ITA"]
[SourceTitle "EXT 2011"]
[Source "ChessBase"]
[SourceDate "2010.11.26"]
[SourceVersion "1"]
[SourceVersionDate "2010.11.26"]
[SourceQuality "1"]

1. e4 c5 2. a3 Nc6 3. b4 cxb4 4. axb4 Nxb4 5. d4 d6 6. c3 Nc6 7. d5 Ne5 8. Qd4 b6 9. f4 Nd7 10. Nf3 Nc5 11. Na3 Nb3 12. Qa4+ Bd7 13. Qxb3 e6 14. dxe6 Bxe6 15. Bb5+ Bd7 16. 0-0 h5 17. e5 Bxb5 18. Nxb5 Qc7 19. Nxc7+ 1-0

[Event "Rome Elo op 2nd"]
[Site "Rome"]
[Date "2009.02.11"]
[Round "5"]
[White "Mammoliti, Francesco"]
[Black "Gerlando, Onofrio"]
[Result "1-0"]
[WhiteElo "1752"]
[BlackElo "1668"]
[PlyCount "115"]
[EventDate "2009.01.14"]
[EventType "swiss"]
[EventRounds "7"]
[EventCountry "ITA"]
[SourceTitle "EXT 2011"]
[Source "ChessBase"]
[SourceDate "2010.11.26"]
[SourceVersion "1"]
[SourceVersionDate "2010.11.26"]
[SourceQuality "1"]

1. d4 Nf6 2. c4 e6 3. Nf3 d5 4. Nc3 dxc4 5. Qa4+ Bd7 6. Qxc4 Bd6 7. e4 Be7 8. e5 Ng8 9. Bd3 a6 10. Qb3 b5 11. Qc2 g6 12. 0-0 Bc6 13. Be4 f5 14. Bxc6+ Nxc6 15. Rd1 Nb4 16. Qb3 Nd5 17. Nxd5 exd5 18. Bd2 c6 19. Rac1 Rc8 20. a3 a5 21. Qa2 h6 22. Ne1 Bg5 23. Nd3 Be7 24. Nf4 g5 25. Ne6 Qb6 26. Ng7+ Kf7 27. Nxf5 b4 28. Nxe7 Kxe7 29. Rc5 Ke6 30. Qb1 Ne7 31. Qd3 bxa3 32. bxa3 a4 33. Qh3+ Kf7 34. Qh5+ Ke6 35. Bb4 Rcg8 36. Qe2 Nf5 37. Qc2 Rc8 38. Qxa4 Ne7 39. Rdc1 Rhf8 40. Qd1 Qa6 41. Qg4+ Nf5 42. Qd1 Rg8 43. Qd2 g4 44. Qc3 Ne7 45. Ra5 Qb7 46. Bxe7 Kxe7 47. Qc5+ Ke8 48. Ra7 Rc7 49. Rxb7 Rxb7 50. Qxc6+ Rd7 51. e6 Rgg7 52. Re1 Kd8 53. exd7 Rxd7 54. Qb6+ Rc7 55. Rc1 Kd7 56. Qxc7+ Ke6 57. Rc6+ Kf5 58. Qe5# 1-0

[Event "Rome d'Inverno op"]
[Site "Rome"]
[Date "2009.02.08"]
[Round "5"]
[White "Carnicelli, Valerio"]
[Black "Mammoliti, Francesco"]
[Result "0-1"]
[WhiteElo "1730"]
[BlackElo "1752"]
[PlyCount "142"]
[EventDate "2009.02.06"]
[EventType "swiss"]
[EventRounds "5"]
[EventCountry "ITA"]
[SourceTitle "EXT 2011"]
[Source "ChessBase"]
[SourceDate "2010.11.26"]
[SourceVersion "1"]
[SourceVersionDate "2010.11.26"]
[SourceQuality "1"]

1. e4 c5 2. Nf3 d6 3. d4 cxd4 4. Nxd4 Nf6 5. Nc3 a6 6. f3 Qc7 7. Be3 e6 8. Qd2 Bd7 9. 0-0-0 Nc6 10. g4 h6 11. h4 Nxd4 12. Bxd4 Be7 13. Bg2 e5 14. Be3 Bc6 15. g5 hxg5 16. hxg5 Nh5 17. Rh2 0-0-0 18. Rdh1 g6 19. Nd5 Bxd5 20. Qxd5 Rh7 21. Bh3+ Kb8 22. Bg4 Rdh8 23. Bxh5 gxh5 24. f4 exf4 25. Bxf4 Qc6 26. Qxc6 bxc6 27. Kd2 Kb7 28. Kd3 c5 29. c4 Kc6 30. a3 a5 31. a4 Kd7 32. e5 Kc6 33. exd6 Bxd6 34. Bxd6 Kxd6 35. Rf1 Re8 36. Rf6+ Re6 37. Rxe6+ Kxe6 38. Ke4 Rh8 39. Kf4 Rh7 40. Ke4 h4 41. Kf4 h3 42. Re2+ Kd6 43. Rd2+ Kc6 44. Rh2 Rh4+ 45. Ke5 Rxc4 46. Rxh3 Rxa4 47. Rh7 Rb4 48. Rh2 Rb7 49. Kf6 a4 50. g6 fxg6 51. Kxg6 c4 52. Kf5 Kb5 53. Ke4 Kb4 54. Rh3 Re7+ 55. Kf3 Rc7 56. Kf2 Rd7 57. Ke1 Rd3 58. Rh4 Rd6 59. Rh3 Rc6 60. Kd1 Rg6 61. Kc2 Rg2+ 62. Kb1 Rg6 63. Ka2 Rc6 64. Rc3 Rd6 65. Rc1 Rd3 66. Ka1 a3 67. bxa3+ Rxa3+ 68. Kb2 c3+ 69. Kc2 Kc4 70. Rd1 Ra2+ 71. Kb1 c2+ 0-1

[Event "Rome d'Inverno op"]
[Site "Rome"]
[Date "2009.02.08"]
[Round "4"]
[White "Mammoliti, Francesco"]
[Black "Iandolo, Marco"]
[Result "0-1"]
[WhiteElo "1752"]
[BlackElo "1975"]
[PlyCount "68"]
[EventDate "2009.02.06"]
[EventType "swiss"]
[EventRounds "5"]
[EventCountry "ITA"]
[SourceTitle "EXT 2011"]
[Source "ChessBase"]
[SourceDate "2010.11.26"]
[SourceVersion "1"]
[SourceVersionDate "2010.11.26"]
[SourceQuality "1"]

1. d4 Nf6 2. c4 c5 3. dxc5 Na6 4. Nf3 Nxc5 5. Nc3 g6 6. Bf4 Bg7 7. Rc1 0-0 8. Qc2 b6 9. b4 Ne6 10. Bd2 Bb7 11. e4 Rc8 12. Qb1 d6 13. Bd3 Qd7 14. 0-0 Nh5 15. Ne2 Rc7 16. Rfd1 Rfc8 17. Be3 Ba6 18. b5 Bb7 19. Ne1 Nc5 20. Bxc5 Rxc5 21. Nf3 Qg4 22. h3 Qe6 23. g4 Nf6 24. Nf4 Qd7 25. Nh2 Bh6 26. e5 Rxe5 27. Nxg6 hxg6 28. Bxg6 fxg6 29. Qxg6+ Bg7 30. h4 Be4 31. Nf3 Bxf3 32. Rd4 Be4 33. Rxe4 Rxe4 34. f3 Qxg4+ 0-1